Experimental verification of J. S. Alford's mathematical model that predicts Alford's destabilizing force in axial flow machinery /

Bibliographic Details
Main Author: Laudadio, Frank James, 1954-
Format: Thesis eBook
Language:English
Published: [Place of publication not identified] : [publisher not identified] ; 1981.
Subjects:
Online Access:Link to OAKTrust copy

MARC

Tag First Indicator Second Indicator Subfields
LEADER 00000cam a2200000 a 4500
001 in00000097204
005 20220103134313.0
007 cr unu a
008 821113s1981 xx b 00010 eng d
035 |9 AAK9081AM 
035 |a (OCoLC)08955394 
040 |a TXA  |c TXA  |d UtOrBLW 
049 |a TXAZ [Also in] [Archives]  |c 1 [1804758], 2 [1804759] 
099 |a 1981   |a Thesis   |a L367 
100 1 |a Laudadio, Frank James,  |d 1954- 
245 1 0 |a Experimental verification of J. S. Alford's mathematical model that predicts Alford's destabilizing force in axial flow machinery /  |c by Frank James Laudadio. 
264 1 |a [Place of publication not identified] :  |b [publisher not identified] ;  |c 1981. 
300 |a vii, 275 leaves ;  |c 29 cm. 
336 |a text  |b txt  |2 rdacontent 
337 |a computer  |b c  |2 rdamedia 
338 |a online resource  |b cr  |2 rdacarrier 
500 |a "Major subject: Mechanical Engineering." 
500 |a Typescript (photocopy). 
500 |a Vita. 
502 |b M.S.  |c Texas A&M University  |d 1981. 
504 |a Bibliography: leaves 62-64. 
530 |a Also available online. 
650 0 |a Electric machinery  |x Rotors. 
650 0 |a Rotors. 
650 0 |a Rotors  |x Dynamics. 
650 0 |a Rotors  |x Vibration. 
650 0 |a Turbomachines  |x Aerodynamics. 
650 0 |a Wind turbines. 
650 4 |a Major mechanical engineering. 
856 4 1 |u https://hdl.handle.net/1969.1/ETD-TAMU-1981-THESIS-L367  |z Link to OAKTrust copy  |t 0 
999 |a MARS 
999 f f |s 1f2711be-0f27-39c3-97ec-6c2123390c4f  |i effb2168-8b58-33f0-9875-e34a44674aab  |t 0 
952 f f |p noncirc  |a Texas A&M University  |b J.J. Pickle Campus  |c High Density Repository  |s HDR  |d Remote Storage  |t 0  |e 1981 Thesis L367  |h Other scheme  |i computer -- online resource  |m A14841000210 
952 f f |a Texas A&M University  |b College Station  |c Electronic Resources  |s www_evans  |d Available Online  |t 0  |e 1981 Thesis L367  |h Other scheme 
998 f f |a 1981 Thesis L367  |t 0  |l Remote Storage 
998 f f |a 1981 Thesis L367  |t 0  |l Available Online